A színpadtól a törvényt jelentő deszkákig. Márton Aron képviselővel beszélget Barabás István. {Interviu cu parlamentarul Márton Aron}. [Interview with Márton Aron]
Elmentve itt :
| Szerző: | |
|---|---|
| Adatforrás: | Meister |
| Forrásdokumentuma: | A Hét. - 2001. 19, 3-4. |
| Nyelv: | magyar |
| Kulcsszavak: | politikai interjú interviu politic political interview MARTON Aron |
| LEADER | 00565nab a2200157 i 4500 | ||
|---|---|---|---|
| 001 | bibPRO00010821 | ||
| 008 | 080908s2001 xx hun | ||
| 040 | |a Sz1 | ||
| 041 | |a hun | ||
| 100 | 1 | |a BARABÁS István | |
| 245 | 1 | 2 | |a A színpadtól a törvényt jelentő deszkákig. Márton Aron képviselővel beszélget Barabás István. {Interviu cu parlamentarul Márton Aron}. [Interview with Márton Aron] |c BARABÁS István |
| 695 | |a politikai interjú | ||
| 695 | |a interviu politic | ||
| 695 | |a political interview | ||
| 695 | |a MARTON Aron | ||
| 773 | 0 | |t A Hét. - |g 2001. 19, 3-4. | |